COMPETENCY BASED BD. CHAURASIA'S HUMAN ANATOMY : LOWER LIMB ABDOMEN AND PELVIS (Record no. 30794)

MARC details
000 -LEADER
fixed length control field 00482nam a22001697a 4500
003 - CONTROL NUMBER IDENTIFIER
control field SGT
020 ## - INTERNATIONAL STANDARD BOOK NUMBER
International Standard Book Number 97893544669675
082 ## - DEWEY DECIMAL CLASSIFICATION NUMBER
Classification number 611
Item number C25G
100 ## - MAIN ENTRY--PERSONAL NAME
Personal name GARG, KRISHNA
245 ## - TITLE STATEMENT
Title COMPETENCY BASED BD. CHAURASIA'S HUMAN ANATOMY : LOWER LIMB ABDOMEN AND PELVIS
250 ## - EDITION STATEMENT
Edition statement 10TH
260 ## - PUBLICATION, DISTRIBUTION, ETC. (IMPRINT)
Place of publication, distribution, etc INDIA
Name of publisher, distributor, etc CBS PUB
Year of Publication 2025
300 ## - PAGE DESCRIPTION
No. of Pages 482
650 ## - SUBJECT ADDED ENTRY--TOPICAL TERM
Topical term or geographic name as entry element HUMAN ANATOMY
653 ## - KEYWORDS--INDEX TERM
Keyword term COMPETENCY BASED BD. CHAURASIA'S HUMAN ANATOMY : LOWER LIMB ABDOMEN AND PELVIS
942 ## - ADDED ENTRY ELEMENTS (KOHA)
Source of classification or shelving scheme Dewey Decimal Classification
Koha item type Books
Holdings
Withdrawn status Lost status Source of classification or shelving scheme Damaged status Not for loan Collection code Home library Current library Date acquired Vendor Name Cost, normal purchase price Volume Information (Serial or Books or Non-Book Material) SGTU Bill Number Total Checkouts Full call number Accession No. (Barcode) Checked out Date last seen Date last borrowed Bill Date Koha item type Shelving location
    Dewey Decimal Classification     MEDICAL SGT Medical Library SGT Medical Library 11/02/2025 ABC DELHI 1050.00 VOL-2 SGTU 20461 1 611 C25G FM15066 30/01/2026 16/01/2026 16/01/2026 11/02/2025 Books  
    Dewey Decimal Classification     MEDICAL SGT Medical Library SGT Medical Library 11/02/2025 ABC DELHI 1050.00 VOL-2 SGTU 20461 24 611 C25G FM15067 15/06/2026 01/06/2026 01/06/2026 11/02/2025 Books Text Book
    Dewey Decimal Classification     MEDICAL SGT Medical Library SGT Medical Library 11/02/2025 ABC DELHI 1050.00 VOL-2 SGTU 20461 17 611 C25G FM15068 17/06/2026 03/06/2026 03/06/2026 11/02/2025 Books Text Book
    Dewey Decimal Classification     MEDICAL SGT Medical Library SGT Medical Library 11/02/2025 ABC DELHI 1050.00 VOL-2 SGTU 20461 11 611 C25G FM15069   03/06/2026 15/05/2026 11/02/2025 Books Text Book
    Dewey Decimal Classification     MEDICAL SGT Medical Library SGT Medical Library 11/02/2025 ABC DELHI 1050.00 VOL-2 SGTU 20461 15 611 C25G FM15070 05/06/2026 22/05/2026 22/05/2026 11/02/2025 Books Text Book